|
|
|
|
| LEADER |
00000nab a2200000ua 4500 |
| 001 |
vtls010847716 |
| 003 |
SK-MaSNL |
| 005 |
20260303215953.0 |
| 008 |
230218s1975 xo |||||||||||||||||fre| |
| 035 |
|
|
|a (urnnbn)urn:nbn:sk:snk:ar-a077jh
|
| 035 |
|
|
|a urn:nbn:sk:snk-ab68tc
|
| 035 |
|
|
|a (uuid)a63ad207-eeba-4fa0-abff-84c48d25cfc6
|
| 040 |
|
|
|a SNKBUCL
|b slo
|c SNKBUCL
|e AACR2
|
| 041 |
0 |
|
|a fre
|
| 044 |
|
|
|a xo
|c SK
|
| 100 |
1 |
|
|a Haško, Jaroslav
|4 aut
|9 677790
|
| 245 |
1 |
0 |
|a LE MEMBRE DE KOZINEC-NOUVELLE UNITÉ STRATIGRAPHIQUE DE LA SUCCESSION PIÉNINE DE PASSAGE DE LA ZONE DES KLIPPES (CARPATHES DE LA SLOVAQUIE)
|c Jaroslav Haško, D. Andrusov
|
| 700 |
1 |
|
|a Andrusov, Dimitrij,
|d 1897-1976
|4 trl
|9 37244
|
| 773 |
0 |
|
|t Geologický zborník
|g Roč. 26, č. 1 (1975), s. 83-84
|
| 958 |
|
|
|a OND
|
| 958 |
|
|
|a EUIPO
|
| 958 |
|
|
|a article5
|
| 999 |
|
|
|c 2224341
|d 2226271
|